000 00320nam a22001457a 4500
008 181122b xxu||||| |||| 00| 0 eng d
020 _a0397509855
041 _aeng
080 _a61
082 _a61
100 _a3-4
101 _aMJE
245 _aDiabetes and Vascular disease
_cKerestein.M.D
942 _2udc
_cBK
999 _c52377
_d52377